| 000 | 01233nam a2200349 i 4500 | ||
|---|---|---|---|
| 003 | EG-GICUC | ||
| 005 | 20260308111210.0 | ||
| 008 | 260226s1965 fr ||||fr|||| 00| 0 eng d | ||
| 040 |
_aEG-GiCUC _beng _cEG-GiCUC _dEG-GiCUC _erda |
||
| 041 |
_aeng _afre |
||
| 082 | 0 | 4 |
_221 _a341.851 _bSA.I |
| 092 | 0 | 4 | _221 |
| 099 | _aLaw1 12 341.851 SA.I 1965 | ||
| 100 | 1 |
_aSanders , Pieter _eAuthor. |
|
| 245 |
_aInternational Commercial Arbitration : _bA World Handbook / _nVol.3, _cPieter Sanders . |
||
| 246 | 1 |
_aArbitrage International Commercial : _bManuel Mondial. |
|
| 264 |
_aParis : _bInternational Association Of Lawyers , _c1965. |
||
| 300 |
_a420 pages , _c24 cm |
||
| 336 |
_2rda content _atext |
||
| 337 |
_2rda media _aComputer |
||
| 338 |
_2rda carrier _aOnline Resource |
||
| 500 | _aThe Book is written by 2 languages English and French each page in English has the translate into the French in the front page . | ||
| 546 | _aParallel text in English and French | ||
| 650 | 1 | _ainternational law | |
| 650 | 1 | _aArbitration | |
| 650 | 1 | _adroit international | |
| 650 | 1 | _aArbitrage | |
| 651 | 1 | _2qrmak | |
| 856 | 4 | 0 | _uhttps://fll.law.cu.edu.eg/fulltext/bks/B12-03034.pdf |
| 905 | _a60 | ||
| 942 |
_2ddc _cBK _e21 _n0 |
||
| 999 |
_c64277 _d64277 |
||